000 00662nam a2200241Ia 4500
003 OSt
005 20221007110217.0
006 a|||||r|||| 00| 0
007 ta
008 221006b |||||||| |||| 00| 0 eng d
024 _a20,611
037 _cTextual
040 _aLCO
_cLCO
_beng
041 _2eng
_aeng
082 _aZ1, L4
100 _aBar-Yaacov Nissim
_9510410
245 0 _aHandling of International Disputes by Means of Inquiry
260 _aLondon
_bOxford University Press Uk
_c1974
300 _a370
650 _aINTERNATIONAL DISPUTES
_9702751
942 _hZ1, L4
_cTEXL
999 _c1190174
_d1190174